| 000 | 01178nam a2200337 i 4500 | ||
|---|---|---|---|
| 001 | 000018942 | ||
| 003 | DO-SdBNP | ||
| 005 | 20240826114132.0 | ||
| 007 | ta | ||
| 008 | 100521s2002 cu a 001 0 spa d | ||
| 020 | _a9592600554 | ||
| 040 |
_aDO-SdBNP _bspa _cBNPHU _erda |
||
| 041 | _aspa | ||
| 082 | 4 |
_a201.303 _bT675a _222 |
|
| 100 | 1 |
_aToporov, Vladimir N., _eautor _940759 |
|
| 245 | 1 | 0 |
_aÁrbol del mundo : _bdiccionario de imágenes, símbolos y términos mitológicos / _cVladimir N. Toporov, Viacheslav V. Ivanov, Eleazar M. Meletinski. |
| 264 | 4 |
_aLa Habana, Cuba : _bCasa de las Américas / UNEAC, _c©2002. |
|
| 300 |
_axvi, 477 páginas : _bilustraciones ; _c22 cm. |
||
| 336 |
_2rdacontent _atexto _btxt |
||
| 337 |
_2rdamedia _asin mediación _bn |
||
| 338 |
_2rdacarrier _avolumen _bnc |
||
| 490 | 0 | _aCriterios | |
| 500 | _aIncluye índice | ||
| 504 | _aBibliografía: p. xv-xvi | ||
| 590 | _aInventariados, 2024/DG | ||
| 650 | 4 |
_aMitología _vDiccionarios _xEspañol _940760 |
|
| 700 | 1 |
_aIvanov, Viacheslav V., _eautor _940761 |
|
| 700 | 1 |
_aMeletinski, Eleazar M., _eautor _940762 |
|
| 910 | _aDG. Validado. Control de Calidad/MAA | ||
| 942 |
_2ddc _cLBS1 |
||
| 999 |
_c18460 _d18460 |
||